Statistics for All Countries with a Mountain Higher Than 3000m

Click here to take the quiz!

General Stats

  • This quiz has been taken 522 times
    (435 since last reset)
  • The average score is 53 of 64

Answer Stats

RankMountainHeight (m)Country% Correct
1Mount Everest8'848Nepal or China
100%
3Kangchenjunga8'586India
99%
2K28'611Pakistan
99%
28Mont Blanc / Monte Bianco4'810France or Italy
98%
14Denali6'191United States
97%
19Mount Elbrus5'642Russia
97%
15Mount Logan5'959Canada
96%
10Ojos del Salado6'893Chile
96%
22Mount Kenya5'199Kenya
95%
16Kilimanjaro5'892Tanzania
95%
44Mount Fuji3'776Japan
95%
9Aconcagua6'960Argentina
95%
11Huascarán6'768Peru
94%
20Volcán Citlaltépetl5'636Mexico
94%
21Damavand5'610Iran
94%
12Sajama6'542Bolivia
93%
6Noshaq7'492Afghanistan
93%
30Dufourspitze4'634Switzerland
92%
24Mount Ararat5'137Turkey
92%
27Puncak Jaya4'884Indonesia
91%
43Grossglockner3'798Austria
91%
18Pico Cristóbal Colón5'700Colombia
91%
4Gangkhar Puensum7'570Bhutan
91%
13Chimborazo6'267Ecuador
91%
46Teide3'718Spain
89%
5Ismail Simoni Peak7'495Tajikistan
89%
26Pico Bolívar4'978Venezuela
88%
45Aoraki / Mount Cook3'724New Zealand
87%
25Margherita Peak5'109DRC or Uganda
86%
29Khazret Sultan4'643Uzbekistan
86%
48Cheekha Dar3'611Iraq
86%
8Khan Tengri7'010Kazakhstan
85%
39Mount Aragats4'090Armenia
85%
23Shkhara5'193Georgia
85%
51Mafadi3'450South Africa
84%
17Hkakabo Razi5'881Myanmar
84%
31Ras Dejen4'550Ethiopia
84%
35Khüiten Peak4'374Mongolia
83%
34Mount Bazardüzü4'485Azerbaijan
82%
55Ayrybaba3'139Turkmenistan
82%
37Jbel Toubkal4'165Morocco
80%
62Mount Tahat3'003Algeria
80%
40Mount Cameroon4'040Cameroon
80%
54Fan Si Pan3'143Vietnam
80%
64Jabal Sawda3'000Saudi Arabia
79%
36Volcán Tajumulco4'220Guatemala
79%
38Gunung Kinabalu4'095Malaysia
78%
42Cerro Chimpó3'820Costa Rica
76%
7Jengish Chokusu7'439Kyrgyzstan
76%
58Deriba Caldera3'042Sudan
76%
47Jabal an Nabi Shu'ayb3'666Yemen
76%
60Jabal Shams3'009Oman
75%
33Mount Karisimbi4'507Rwanda
74%
50Volcán Barú3'475Panama
74%
41Yu Shan3'952Taiwan
73%
32Mount Wilhelm4'509Papua New Guinea
71%
53Kinyeti3'187South Sudan
69%
52Emi Koussi3'445Chad
69%
57Qurnat as Sawda'3'088Lebanon
59%
59Emba Soira3'018Eritrea
57%
49Thabana Ntlenyana3'482Lesotho
55%
63Mount Mulanje3'002Malawi
54%
56Pico Duarte3'098Dominican Republic
47%
61Pico Basile3'008Equatorial Guinea
27%

Score Distribution

Percentile by Number Answered

Percent of People with Each Score

Your Score History

You have not taken this quiz since the last reset